| 000 | 00950nam a22002537a 4500 | ||
|---|---|---|---|
| 005 | 20170124103044.0 | ||
| 010 | _aB-077564 | ||
| 020 |
_c250.00 _a8170557054 |
||
| 035 | _aB-077564 | ||
| 037 | _bCen Lib/Ret | ||
| 040 |
_aDPL _bHN |
||
| 082 |
_aउ _bउषाप्रि |
||
| 100 |
_aउषा प्रियंवदा _968116 |
||
| 245 |
_aअन्तर्वंशी / _cउषा प्रियंवदा |
||
| 246 |
_aAntarvanshi / _bby Usha Priyamvada |
||
| 260 |
_aनयी दिल्ली _bवाणी प्रकाशन _c2000 |
||
| 270 |
_a21ए , दरिया गंज _bनयी दिल्ली _e110002 |
||
| 300 |
_a251पृ. _c21सेमी (सजिल्द) |
||
| 650 |
_aहिन्दी साहित्य _968117 |
||
| 650 |
_aउपन्यास _968118 |
||
| 650 |
_aHindi literature _968119 |
||
| 650 |
_aFiction _98901 |
||
| 942 |
_2ddc _cHN _hउ _mउषाप्रि |
||
| 999 |
_c116745 _d116745 |
||